История на Ирландия (Запис номер 65419)
[ съкратено ]
| 000 -Лидер | |
|---|---|
| Контролно поле с фиксирана дължина | 01525nam a2200361 c 4500 |
| 003 - Код на организацията, давaща контролен номер | |
| Контролно поле | BLK |
| 005 - Дата и час на последна редакция | |
| Контролно поле | 20240418005323.0 |
| 008 - Елементи от данни с фиксирана дължина | |
| fixed length control field | 180408b bul|||||r ||||||| ||bul|| |
| 010 ## - Наследен системен номер | |
| LC control number | KNG00069696000 |
| 020 ## - Международен стандартен номер на книга ISBN | |
| Международен стандартен номер на книга ISBN | 954-480-065-4 |
| -- | издат.: Жар - Жанет Аргирова |
| 040 ## - Източник на каталожния запис | |
| Идентификатор на билиотеката - собственик на записа | BLK |
| 041 ## - Код за език | |
| Код за езика на текст/звукозапис или на отделно заглавие | Български |
| Код за езика КДБФ | Български |
| 080 ## - УДК | |
| Текстов определител УДК | История на Ирландия |
| УДК код - определител по УДК | 941.5 |
| УДК определител | |
| УДК - код + определител | 941.5 |
| 100 1# - Редна дума - Автор | |
| Автор | Маккормак, Джон |
| Авторска отговорност | първи автор |
| R(LIN) | 292453 |
| 139 ## - Редно поле | |
| Редна дума | Маккормак, Джон |
| Авторски знак | Мак - М 19 |
| 245 10 - Сведения за заглавието | |
| Заглавие | История на Ирландия |
| Подзаглавни данни | Хората и събитията, оформили облика на страната |
| Редно поле (дума) | Джон Маккормак; прев. от англ. Марин Иванов Загорчев. |
| 257 ## - Страна на издаване | |
| Страна на създаване/издаване | Ирландия |
| 260 ## - Област на издателските данни | |
| -- | София |
| Име на издателя, разпространителя и проч. | Жар - Жанет Аргирова |
| Година на издаване | 2006 |
| Печатница | София : Симолини |
| 300 ## - Физическа характеристика | |
| Страници | 344 с. |
| Илюстрации и др. | с ил., портр., к. |
| Размери/Мащаб | 25 см |
| 380 ## - Жанр | |
| Жанр | История |
| 500 ## - Общи забележки | |
| Забележка | Ориг. загл. A Story of Ireland / John McCormack. - Азб. показалец. |
| 650 #4 - Допълнително описание по предмет – тема | |
| Основно описание – тема или топоним | Ирландия - история |
| 9 (RLIN) | 279472 |
| 651 #4 - Допълнително описание по предмет - топоним | |
| Географско понятие | Ирландия |
| 9 (RLIN) | 257553 |
| 653 ## - Ключова дума – ненормативна | |
| Ключова дума | Ирландия |
| 653 ## - Ключова дума – ненормативна | |
| Ключова дума | история |
| 700 ## - Други автори (авторска отговорност) | |
| Лично име | Загорчев, Марин Иванов |
| Дати, свързани с автора | 1972- |
| 9 (RLIN) | 368351 |
| 852 ## - Местоположение | |
| Форматна сигнатура | Цб 230200 |
| 856 4# - Електронен адрес и достъп | |
| Електронен формат | pdf - файл |
| Път до файла /url/ | |
| 856 4# - Електронен адрес и достъп | |
| Електронен формат | pdf - файл |
| Път до файла /url/ | |
| 942 ## - АРТИКУЛИ | |
| Вид на библиотечния материал | Книги |
| Скрит в OPAC | Не |
| Koha issues (borrowed), all copies | 5 |
| 944 ## - СЪЗДАВАНЕ И РЕДАКЦИЯ на ЗАПИСА | |
| Създаване/Редакция | Създаване |
| Дата на регистрацията/редакция | 28.11.2006 |
| Статус, дата на статуса | CRON CRON |
| Служител, извършил регистрацията/редакцията | |
| 944 ## - СЪЗДАВАНЕ И РЕДАКЦИЯ на ЗАПИСА | |
| Създаване/Редакция | Редакция |
| Дата на регистрацията/редакция | 02.12.2014 |
| Статус, дата на статуса | ф / |
| Служител, извършил регистрацията/редакцията | Людмила_Стоянова |
| 999 ## - СИСТЕМНИ КОНТРОЛНИ НОМЕРА | |
| Koha biblionumber | 65419 |
| Koha biblioitemnumber | 65419 |
| Код за отписване | Код за изгубен артикул | Източник на класификационната схема | Код за повреда | Коз за рестрикции | Код за отдаване | Артикулен № | Име на библиотеката - собственик | Име на библиотеката, в която се намира в момента | Статус (Текущо местоположение) | Дата на вписване в системата | Местоположение - отдел | Цена в лева | Инвентарен номер | Систематично азбучна сигнатура | Баркод | Номер на екземпляра | Цена в евро | Служебна бележка | Служебен тип на артикула |
|---|---|---|---|---|---|---|---|---|---|---|---|---|---|---|---|---|---|---|---|
| Не е изгубен | Universal Decimal Classification | Не е повреден | без рестрикции | заемане за дома | 107872 | Регионална библиотека "Любен Каравелов" Русе | Регионална библиотека "Любен Каравелов" Русе | Заемна - подръчен фонд | 2006-11-28 | Заемна - подръчен фонд | 19.90 | 120000706986 | П 94(4)/М 19 | 120000706986 | 1 | 10.17 | Дост: Pk Вид: Ф N: 45945 Дата: 27.11.2006 Дата инв: 07.02.2018 Бележки инв: П2018 | Книги | |
| Не е изгубен | Universal Decimal Classification | Не е повреден | без рестрикции | ползва се в читалня | 107873 | Регионална библиотека "Любен Каравелов" Русе | Регионална библиотека "Любен Каравелов" Русе | Читалня | 2006-11-28 | Читалня | 19.90 | 120000706987 | Ч 93/94/М 19 Д | 120000706987 | 2 | 10.17 | Дост: Pk Вид: Ф N: 45945 Дата: 27.11.2006 Дата инв: 28.03.2017 Бележки инв: Ч2017 | Книги | |
| Не е изгубен | Не е повреден | без рестрикции | ползва се в читалня | 107874 | Регионална библиотека "Любен Каравелов" Русе | Регионална библиотека "Любен Каравелов" Русе | Хранилище | 2013-11-06 | Хранилище | 19.90 | 120000771198 | Цб 230200 | 120000771198 | 3 | 10.17 | Дост: Dp Вид: Д N: 40 Дата: 02.10.2012 | Книги | ||
| Не е изгубен | Universal Decimal Classification | Не е повреден | без рестрикции | заемане за дома | 107875 | Регионална библиотека "Любен Каравелов" Русе | Регионална библиотека "Любен Каравелов" Русе | Заемна - подръчен фонд | 2014-11-30 | Заемна - подръчен фонд | 19.90 | 120000783272 | П 94(4)/М 19 | 120000783272 | 4 | 10.17 | Дост: Pk Вид: Ф N: 419 Дата: 22.11.2014 Дата инв: 07.02.2018 Бележки инв: П2018 | Книги |